Statistiken für Größte Gemeinden Tirols nach Buchstabe

Klicken Sie hier um das Quiz zu spielen!

Allgemein

  • Dieses Quiz wurde 62 mal gespielt
  • Das Durchschnittsergebnis liegt bei 14 aus 22

Antwortstatistiken

#EinwohnerBezirkGemeinde% Korrekt
K19.461KufsteinKufstein
98%
L11.868LienzLienz
93%
S13.618SchwazSchwaz
93%
I132.110InnsbruckInnsbruck
90%
T15.920Innsbruck-LandTelfs
86%
H13.942Innsbruck-LandHall in Tirol
83%
J7.175SchwazJenbach
83%
M4.635LienzMatrei in Osttirol
81%
W14.011KufsteinWörgl
81%
R9.239Innsbruck-LandRum
71%
Z8.146Innsbruck-LandZirl
71%
A7.285Innsbruck-LandAbsam
69%
V6.844Innsbruck-LandVöls
62%
E5.628KufsteinEbbs
52%
D2.333LienzDölsach
48%
U3.271ImstUmhausen
48%
F4.426Innsbruck-LandFulpmes
45%
B3.497KufsteinBreitenbach am Inn
43%
N4.785Innsbruck-LandNeustift im Stubaital
38%
P2.610LandeckPfunds
36%
O3.097Innsbruck-LandOberperfuss
33%
G4.044Innsbruck-LandGötzens
31%

Verteilung der Resultate

Perzentil nach korrekt beantworteten Fragen

Anzahl Personen mit jedem Resultat

Ihre Resultats-Entwicklung

Sie haben dieses Quiz noch nicht gespielt